El Drama, espectacle i transgressió : elements de dramatúrgia teòrica / Jordi Teixidor elements de dramatúrgia teòrica / Jordi Teixidor
Descripción Física:
123 p. ; 21'5 cm
Colección:
Monografies de teatre ; 29
Materias:
Drama
MARC
| LEADER | 00000nam a2200000Ia 4500 | ||
|---|---|---|---|
| 001 | 8776 | ||
| 008 | 160829s1989 xx 000 0 cat d | ||
| 080 | |a B-1-187 | ||
| 100 | 1 | |a Teixidor, Jordi, |d 1939-2011 |9 19924 | |
| 245 | |a El Drama, espectacle i transgressió : |b elements de dramatúrgia teòrica / Jordi Teixidor | ||
| 260 | |a Barcelona : |b Institut del Teatre de la Diputació de Barcelona, |c 1989 | ||
| 300 | |a 123 p. ; |c 21'5 cm | ||
| 490 | |a Monografies de teatre ; 29 | ||
| 590 | |a Premi Xavier Fàbregas 1988 | ||
| 650 | |a Drama |9 19925 | ||
| 710 | 1 | |a Institut del Teatre (Barcelona, Catalunya) |9 52662 | |
| 901 | |a Arxiu | ||
| 942 | |n 1 | ||
| 952 | |0 0 |1 0 |4 0 |6 B1187 |7 1 |9 41375 |a Arxiu |b Arxiu |d 2016-12-01 |l 0 |o B-1-187 |p 8776 |r 2016-12-01 00:00:00 |w 2016-12-01 |y ARXIU | ||
| 999 | |c 43182 |d 43182 | ||